[Event "39th Olympiad Women"]
[Site "Khanty-Mansiysk RUS"]
[Date "2010.09.23"]
[Round "3"]
[White "Nikolova, Adriana"]
[Black "Majdan-Gajewska, Joanna"]
[Result "1/2-1/2"]
[WhiteTitle "WIM"]
[BlackTitle "WGM"]
[WhiteElo "2295"]
[BlackElo "2333"]
[Board "8.2"]
[WhiteTeam "BUL"]
[BlackTeam "POL"]
[WhiteFideId "2908689"]
[BlackFideId "1121979"]
[EventDate "2010.09.21"]
[EventType "team"]

1. e4 c5 2. Nf3 d6 3. d4 cxd4 4. Nxd4 Nf6 5. Nc3 Bd7 6. Bg5 e6 7. Ndb5 Bc6 8.
Bxf6 gxf6 9. Qd2 a6 10. Nd4 Bd7 11. f4 Qb6 12. O-O-O Nc6 13. Nb3 O-O-O 14. Be2
Rg8 15. Bh5 Rg7 16. Kb1 Kb8 17. Rhf1 Rc8 18. Rf3 Be7 19. Rh3 Na5 20. Nxa5 Qxa5
21. Bf3 Rc5 22. g4 b5 23. Ne2 Qxd2 24. Rxd2 Bc6 25. Nd4 Bb7 26. a3 Rc4 27. Rd3
Bd8 28. b3 Rc5 29. Kb2 Bc7 30. Rc3 Rxc3 31. Kxc3 d5 32. exd5 Bxd5 33. Bxd5 exd5
34. Ne2 Bd6 35. Kd4 Rxg4 36. Kxd5 Bxa3 37. Rxh7 Rg2 38. Nd4 Rd2 39. Ke4 Bb2 40.
Nf5 a5 41. Ne3 Rd4+ 42. Kf3 a4 43. Rh5 a3 44. Rxb5+ Kc7 45. Ra5 Kb6 46. Ra8 Kb7
47. Ra5 Kb6 48. Ra8 Kb7 49. Ra5 Rd6 1/2-1/2

[Event "39th Olympiad Women"]
[Site "Khanty-Mansiysk RUS"]
[Date "2010.09.23"]
[Round "3"]
[White "Dworakowska, Joanna"]
[Black "Videnova, Iva"]
[Result "1-0"]
[WhiteTitle "IM"]
[BlackTitle "WIM"]
[WhiteElo "2315"]
[BlackElo "2283"]
[Board "8.3"]
[WhiteTeam "POL"]
[BlackTeam "BUL"]
[WhiteFideId "1107445"]
[BlackFideId "2907763"]
[EventDate "2010.09.21"]
[EventType "team"]

1. e4 c5 2. Nf3 d6 3. d4 cxd4 4. Nxd4 Nf6 5. Nc3 g6 6. Bc4 Bg7 7. O-O Nc6 8. Re1
O-O 9. Bb3 Na5 10. Bg5 h6 11. Bh4 Nxb3 12. axb3 Re8 13. Qd2 Kh7 14. Nd5 Nxd5 15.
exd5 Qb6 16. Rad1 g5 17. Bg3 Kg8 18. h4 Qxd4 19. Qxd4 Bxd4 20. Rxd4 Bf5 21. c3
Kf8 22. Rd2 Rad8 23. f3 Rd7 24. hxg5 hxg5 25. Bf2 b6 26. g4 Bg6 27. Be3 f6 28.
Bf2 Kf7 29. Kg2 Rh8 30. b4 Rc8 31. Bd4 Re8 32. Re6 Bb1 33. b3 Ra8 34. c4 Bg6 35.
Re1 Re8 36. Rde2 Rc8 37. Ra2 Rcc7 38. Bf2 Rc8 39. b5 Rcc7 40. Bd4 Rc8 41. Kg3
Rb7 42. Rf2 Ra8 43. Ra1 Bh7 44. Rfa2 e6 45. dxe6+ Kxe6 46. Re1+ Kf7 47. Rae2 f5
48. Re6 f4+ 49. Kf2 Rd7 50. Rf6+ Kg8 51. Rh1 Rf8 52. Rfh6 Bc2 53. R6h5 Kf7 54.
Rxg5 Rg8 55. Rd5 Bxb3 56. Rf5+ Ke8 57. Rxf4 Bxc4 58. Bf6 Bxb5 59. Re1+ Kf8 60.
Be5+ Ke7 61. Bf6+ Kf8 62. g5 Rf7 63. Rc1 Bd7 64. Rd4 Bh3 65. Rh4 Bf5 66. Rf4 Be6
67. Rc6 Rd7 68. Rc8+ Kf7 69. Bd4+ Kg6 70. Rf6+ Kxg5 71. Rc1 Re7 72. Rg1+ Kh5 73.
Be3 1-0

[Event "39th Olympiad Women"]
[Site "Khanty-Mansiysk RUS"]
[Date "2010.09.23"]
[Round "3"]
[White "Velcheva, Maria"]
[Black "Kadziolka, Beata"]
[Result "1-0"]
[WhiteTitle "WGM"]
[BlackTitle "WGM"]
[WhiteElo "2272"]
[BlackElo "2295"]
[Board "8.4"]
[WhiteTeam "BUL"]
[BlackTeam "POL"]
[WhiteFideId "2903210"]
[BlackFideId "1119990"]
[EventDate "2010.09.21"]
[EventType "team"]

1. e4 c5 2. Nf3 d6 3. d4 cxd4 4. Nxd4 Nf6 5. Nc3 Bd7 6. f3 e5 7. Nb3 Bc6 8. Be3
Be7 9. Qd2 O-O 10. O-O-O a5 11. a4 Na6 12. g4 Nb4 13. Qf2 Qe8 14. Nb5 Rc8 15. c3
d5 16. g5 d4 17. gxf6 dxe3 18. Qxe3 Bxf6 19. Kb1 Na6 20. Nd6 Qe7 21. Nxc8 Rxc8
22. Bb5 Bxb5 23. axb5 a4 24. bxa6 axb3 25. Qb6 bxa6 26. Qxb3 Qc7 27. Rd5 Rb8 28.
Qc2 h6 29. Rhd1 Bg5 30. Qe2 Kh7 31. Qc2 a5 32. R1d3 Bf4 33. c4 Rb6 34. c5 Rg6
35. Rd7 Qc6 36. R3d6 Rg1+ 37. Rd1 Rxd1+ 38. Rxd1 Be3 39. Rd6 Qxc5 40. Qxc5 Bxc5
41. Rd5 Bb4 42. Rxe5 g5 43. Kc2 Kg6 44. Rf5 h5 45. h3 Be1 46. Kb3 Bd2 47. Ka4
Be1 48. Rxa5 Bxa5 49. Kxa5 f5 50. exf5+ Kxf5 51. b4 1-0

[Event "39th Olympiad Women"]
[Site "Khanty-Mansiysk RUS"]
[Date "2010.09.23"]
[Round "3"]
[White "Golubenko, Valentina"]
[Black "Cosma, Elena-Luminita"]
[Result "1-0"]
[WhiteTitle "WGM"]
[BlackTitle "WGM"]
[WhiteElo "2278"]
[BlackElo "2360"]
[Board "9.1"]
[WhiteTeam "CRO"]
[BlackTeam "ROU"]
[WhiteFideId "4501993"]
[BlackFideId "1201590"]
[EventDate "2010.09.21"]
[EventType "team"]

1. d4 d5 2. Nf3 e6 3. g3 c5 4. Bg2 Nc6 5. O-O cxd4 6. Nxd4 Nf6 7. c4 Qb6 8. Nb5
a6 9. Be3 Qd8 10. Nd4 Be7 11. cxd5 Nxd5 12. Nxc6 bxc6 13. Bd4 O-O 14. e4 Nb4 15.
Na3 a5 16. Bc3 Ba6 17. Qg4 g6 18. Rfd1 Qc7 19. Bf1 Bxf1 20. Kxf1 Rfd8 21. Rxd8+
Rxd8 22. Nc4 c5 23. Qf4 Qxf4 24. gxf4 a4 25. Ne5 f6 26. Nc4 Kf7 27. a3 Nd3 28.
Nb6 Nxf4 29. Nxa4 f5 30. exf5 gxf5 31. b4 Ra8 32. Nxc5 Rc8 33. Bd4 Bf6 34. Bxf6
Kxf6 35. Rc1 Ke7 36. b5 Nd5 37. a4 Nb6 38. a5 Na4 39. a6 Nb6 40. Ke2 e5 41. Na4
Rxc1 42. Nxb6 Rc2+ 43. Kf1 Ra2 44. a7 Kd6 45. a8=Q Rxa8 46. Nxa8 Kc5 47. Nc7 Kb6
48. Ne8 1-0

[Event "39th Olympiad Women"]
[Site "Khanty-Mansiysk RUS"]
[Date "2010.09.23"]
[Round "3"]
[White "Voicu-Jagodzinsky, Carmen"]
[Black "Medic, Mirjana"]
[Result "1/2-1/2"]
[WhiteTitle "WGM"]
[BlackTitle "WGM"]
[WhiteElo "2313"]
[BlackElo "2264"]
[Board "9.2"]
[WhiteTeam "ROU"]
[BlackTeam "CRO"]
[WhiteFideId "1206729"]
[BlackFideId "14501619"]
[EventDate "2010.09.21"]
[EventType "team"]

1. e4 e6 2. d4 d5 3. e5 c5 4. c3 Nc6 5. Nf3 Qb6 6. a3 c4 7. Nbd2 Na5 8. g3 Bd7
9. h4 h6 10. h5 O-O-O 11. Bg2 Ne7 12. O-O g6 13. Nh2 Nf5 14. Rb1 Qc7 15. Bh3 Be7
16. Kh1 Rdg8 17. Re1 Qd8 18. Nhf1 Qe8 19. g4 Nh4 20. Ne3 Ba4 21. Qe2 Bg5 22. Nf3
Nxf3 23. Qxf3 Bxe3 24. Qxe3 Bc2 25. Bd2 Nb3 26. Rbc1 Nxc1 27. Rxc1 Be4+ 28. Kh2
Qe7 29. f3 Bd3 30. Qf2 Rh7 31. Bf4 gxh5 32. gxh5 Rhg7 33. Rd1 a6 34. Re1 Kb8 35.
Rd1 Ka7 36. Re1 Qd8 1/2-1/2

[Event "39th Olympiad Women"]
[Site "Khanty-Mansiysk RUS"]
[Date "2010.09.23"]
[Round "3"]
[White "Bulmaga, Irina"]
[Black "Sargac, Rajna"]
[Result "1-0"]
[WhiteTitle "WIM"]
[BlackTitle "WIM"]
[WhiteElo "2267"]
[BlackElo "2192"]
[Board "9.4"]
[WhiteTeam "ROU"]
[BlackTeam "CRO"]
[WhiteFideId "13903063"]
[BlackFideId "14507250"]
[EventDate "2010.09.21"]
[EventType "team"]

1. e4 c5 2. c3 e6 3. Nf3 Nc6 4. Bb5 Nf6 5. Qe2 Be7 6. O-O Qb6 7. Ba4 O-O 8. d3
d6 9. Bc2 Bd7 10. h3 Qc7 11. Bf4 b5 12. Nbd2 Rab8 13. Rfc1 Nh5 14. Bh2 g6 15. d4
e5 16. dxc5 dxc5 17. Nf1 Nf4 18. Qe1 Bf6 19. Ne3 Ne7 20. Rd1 Bc6 21. Qf1 Bg7 22.
g3 Ne6 23. Nd5 Qb7 24. c4 Nd4 25. Nxd4 cxd4 26. b3 f5 27. Nxe7+ Qxe7 28. cxb5
Bxb5 29. Bd3 Bxd3 30. Qxd3 fxe4 31. Qxe4 Qf6 32. Rd2 Qf5 33. Qd5+ Qf7 34. Qxf7+
Kxf7 35. Re1 Rfe8 36. g4 Rb6 37. Re4 Rc6 38. Kg2 Rc3 39. g5 h6 40. h4 hxg5 41.
hxg5 Re6 42. Bg3 Ke7 43. Rde2 Kd7 44. Bxe5 Bxe5 45. Rxe5 Rxe5 46. Rxe5 Kd6 47.
Ra5 Rc7 48. Kf3 Re7 49. b4 Kc6 50. Rc5+ Kd6 51. Ra5 Kc6 52. a4 Kd6 53. Ra6+ Kd5
54. Rxg6 d3 55. Rg8 Kd4 56. Rd8+ Kc3 57. Kf4 d2 58. g6 Kc2 59. Kf5 d1=Q 60. Rxd1
Kxd1 61. f4 Ke2 62. Kf6 Rb7 63. g7 Rb8 64. f5 Kf3 65. Kg6 Kg4 66. f6 Kh4 67. f7
Rb6+ 68. Kf5 1-0

[Event "39th Olympiad Women"]
[Site "Khanty-Mansiysk RUS"]
[Date "2010.09.23"]
[Round "3"]
[White "Zuriel, Marisa"]
[Black "Baginskaite, Camilla"]
[Result "0-1"]
[WhiteTitle "WIM"]
[BlackTitle "WGM"]
[WhiteElo "2193"]
[BlackElo "2328"]
[Board "10.4"]
[WhiteTeam "ARG"]
[BlackTeam "USA"]
[WhiteFideId "109142"]
[BlackFideId "2014599"]
[EventDate "2010.09.21"]
[EventType "team"]

1. e4 c5 2. Nf3 d6 3. d4 cxd4 4. Nxd4 Nf6 5. Nc3 a6 6. Bg5 Nc6 7. Nb3 e6 8. f4
Be7 9. Qf3 h6 10. Bh4 g5 11. fxg5 Nd7 12. O-O-O hxg5 13. Bg3 Nde5 14. Qf2 Bd7
15. Na4 Ng4 16. Qg1 Qc7 17. Nb6 Rd8 18. Nxd7 Rxd7 19. Bd3 Bf6 20. Kb1 Be5 21.
Bxe5 Ngxe5 22. Qe3 f6 23. h3 Rg7 24. Be2 Ke7 25. Rhf1 Rh4 26. Rd2 Rg8 27. Rfd1
Rd8 28. Rf1 Na5 29. Rdd1 Nxb3 30. axb3 Rc8 31. Bd3 Qc5 32. Qe2 Nc6 33. Rd2 Qe5
34. c3 a5 35. Bc2 b5 36. Rfd1 Rd8 37. Qf2 Qc5 38. Qf1 b4 39. c4 Rf4 40. Qe2 Ne5
41. Rf1 Rxf1+ 42. Qxf1 a4 43. Qe2 Rh8 44. Qf1 axb3 45. Bxb3 Qe3 46. Qd1 Qxe4+
47. Bc2 Qc6 48. Ba4 Qc5 49. b3 Rh4 50. Qc2 Qe3 51. Qd1 Qc5 52. Qc2 f5 53. Qc1
Rf4 54. Qd1 g4 55. hxg4 Rxg4 56. Qh1 Qe3 57. Rc2 Qe4 58. Bb5 Rh4 59. Qg1 Nd3 60.
Qa7+ Kf6 61. Be8 Rh1+ 62. Ka2 Qe5 63. Qf7+ Kg5 64. Qg6+ Kf4 65. g3+ Kf3 66. Bc6+
d5 0-1

[Event "39th Olympiad Women"]
[Site "Khanty-Mansiysk RUS"]
[Date "2010.09.23"]
[Round "3"]
[White "Muzychuk, Anna"]
[Black "Peng, Zhaoqin"]
[Result "1-0"]
[WhiteTitle "IM"]
[BlackTitle "GM"]
[WhiteElo "2535"]
[BlackElo "2400"]
[Board "11.1"]
[WhiteTeam "SLO"]
[BlackTeam "NED"]
[WhiteFideId "14111330"]
[BlackFideId "1004786"]
[EventDate "2010.09.21"]
[EventType "team"]

1. e4 c5 2. Nf3 e6 3. d4 cxd4 4. Nxd4 Nf6 5. Nc3 Nc6 6. Ndb5 Bb4 7. a3 Bxc3+ 8.
Nxc3 d5 9. Bd3 dxe4 10. Nxe4 Nxe4 11. Bxe4 Qxd1+ 12. Kxd1 Bd7 13. Be3 f5 14. Bf3
e5 15. Kc1 O-O-O 16. b3 f4 17. Bd2 Nd4 18. Be4 Bc6 19. Bxc6 Nxc6 20. Bc3 Rhf8
21. Kb2 Rf5 22. Rae1 Rd6 23. f3 Rg6 24. Re2 Rh5 25. a4 a6 26. a5 Kd7 27. b4 Rgh6
28. h3 Rd6 29. Rhe1 Rd5 30. Kb3 Kd6 31. Bb2 Nd4+ 32. Bxd4 Rxd4 33. Re4 Rxe4 34.
Rxe4 Kd5 35. c4+ Kd6 36. Kc3 Rh6 37. Re2 Ke6 38. b5 Rg6 39. Kb4 Kd6 40. Rd2+ Kc7
41. Kc5 axb5 42. cxb5 b6+ 43. axb6+ Kc8 44. Kd5 Rg5 45. Kc6 Rg6+ 46. Rd6 1-0

[Event "39th Olympiad Women"]
[Site "Khanty-Mansiysk RUS"]
[Date "2010.09.23"]
[Round "3"]
[White "Lanchava, Tea"]
[Black "Krivec, Jana"]
[Result "0-1"]
[WhiteTitle "IM"]
[BlackTitle "WGM"]
[WhiteElo "2342"]
[BlackElo "2309"]
[Board "11.2"]
[WhiteTeam "NED"]
[BlackTeam "SLO"]
[WhiteFideId "1005308"]
[BlackFideId "14601982"]
[EventDate "2010.09.21"]
[EventType "team"]

1. d4 d5 2. Nf3 Nf6 3. e3 e6 4. Bd3 Nbd7 5. b3 Ne4 6. O-O Bd6 7. Bb2 O-O 8. Nbd2
Nxd2 9. Nxd2 Nf6 10. f4 c5 11. Qf3 cxd4 12. exd4 a5 13. a3 b6 14. Qe2 Bb7 15. g4
g6 16. Rf2 h5 17. h3 hxg4 18. hxg4 Kg7 19. Raf1 Rh8 20. f5 exf5 21. gxf5 Nd7 22.
fxg6 Qg5+ 23. Rg2 Bh2+ 24. Kf2 Qh4+ 25. Kf3 Qf6+ 0-1

[Event "39th Olympiad Women"]
[Site "Khanty-Mansiysk RUS"]
[Date "2010.09.23"]
[Round "3"]
[White "Kaps, Darja"]
[Black "Bensdorp, Marlies"]
[Result "1/2-1/2"]
[WhiteTitle "WGM"]
[BlackTitle "WIM"]
[WhiteElo "2300"]
[BlackElo "2288"]
[Board "11.3"]
[WhiteTeam "SLO"]
[BlackTeam "NED"]
[WhiteFideId "14602334"]
[BlackFideId "1009311"]
[EventDate "2010.09.21"]
[EventType "team"]

1. e4 e6 2. Qe2 c5 3. g3 d5 4. exd5 Qxd5 5. Nf3 Nc6 6. Nc3 Qd8 7. Bg2 Nf6 8. O-O
Be7 9. d3 O-O 10. Bf4 a6 11. Ne4 Nd5 12. Bd2 h6 13. c4 Ndb4 14. Bxb4 cxb4 15.
Rad1 e5 16. Ned2 Qc7 17. Rfe1 Bg4 18. h3 Bxf3 19. Bxf3 Bf6 20. Bxc6 Qxc6 21. Ne4
Be7 22. g4 Rfe8 23. b3 Rad8 24. Qe3 Bf8 25. Kg2 Re6 26. Qf3 Rd4 27. Ng3 Qxf3+
28. Kxf3 g6 29. Re4 Bc5 30. Ke2 Rd7 31. Rf1 Bd6 32. f3 Kg7 33. h4 Be7 34. Rh1
Bd8 35. h5 Bg5 36. hxg6 fxg6 37. Rd1 Kf7 38. Nf1 Kf6 39. Ne3 Bxe3 1/2-1/2

[Event "39th Olympiad Women"]
[Site "Khanty-Mansiysk RUS"]
[Date "2010.09.23"]
[Round "3"]
[White "Schut, Lisa"]
[Black "Rozic, Vesna"]
[Result "1-0"]
[WhiteTitle "WIM"]
[BlackTitle "WIM"]
[WhiteElo "2288"]
[BlackElo "2289"]
[Board "11.4"]
[WhiteTeam "NED"]
[BlackTeam "SLO"]
[WhiteFideId "1019481"]
[BlackFideId "14604000"]
[EventDate "2010.09.21"]
[EventType "team"]

1. e4 e6 2. d4 d5 3. Nc3 Bb4 4. e5 Qd7 5. Qg4 f5 6. Qg3 b6 7. a3 Bxc3+ 8. bxc3
Ba6 9. Bxa6 Nxa6 10. Ne2 Qf7 11. a4 Ne7 12. Ba3 O-O 13. O-O Nb8 14. c4 dxc4 15.
Qc3 Nd5 16. Qxc4 Rd8 17. Rfd1 a5 18. Rd3 Na6 19. Rad1 Nab4 20. R3d2 Na6 21. Qb3
c6 22. Bd6 Rac8 23. c4 Ndb4 24. Nf4 Re8 25. d5 cxd5 26. cxd5 exd5 27. Nxd5 f4
28. Qf3 Nxd5 29. Rxd5 Nc5 30. R5d4 Ne6 31. Rd5 Nc5 32. Qa3 Qf5 33. Qa2 Qf7 34.
Qc4 Ne6 35. Qb5 f3 36. Qxb6 Nf4 37. Rxa5 Nxg2 38. Qb1 Nf4 39. Kh1 Nh3 40. Rf1
Qc4 41. e6 Rxe6 42. Bg3 Rce8 43. Rb5 Qxa4 44. Rh5 Qe4 45. Qxe4 Rxe4 46. Rxh3 Re1
47. Kg1 R1e2 48. Rh4 Rc8 49. h3 h6 50. Kh2 Kh7 51. Rf4 Rc3 52. Rf7 Kg6 53. Rc7
Rxc7 54. Bxc7 Rc2 55. Bf4 Kf5 56. Kg3 g5 57. Be3 h5 58. Kxf3 Rc7 59. Rc1 1-0

[Event "39th Olympiad Women"]
[Site "Khanty-Mansiysk RUS"]
[Date "2010.09.23"]
[Round "3"]
[White "Hoang Thanh Trang"]
[Black "Zimina, Olga"]
[Result "0-1"]
[WhiteTitle "GM"]
[BlackTitle "IM"]
[WhiteElo "2482"]
[BlackElo "2334"]
[Board "12.1"]
[WhiteTeam "HUN"]
[BlackTeam "ITA"]
[WhiteFideId "12400149"]
[BlackFideId "4132190"]
[EventDate "2010.09.21"]
[EventType "team"]

1. d4 d5 2. c4 e6 3. Nf3 c6 4. e3 Nf6 5. Nbd2 c5 6. Be2 Nc6 7. O-O cxd4 8. exd4
Be7 9. a3 O-O 10. c5 a5 11. Bb5 Bd7 12. Rb1 a4 13. Bxa4 Nxd4 14. Bxd7 Nxf3+ 15.
Nxf3 Qxd7 16. b4 Ne4 17. Qd3 Bf6 18. Nd4 b6 19. c6 Qc7 20. b5 Ra4 21. Rb4 Ra7
22. Nc2 Be5 23. g3 Rfa8 24. Kg2 Bd6 25. Rb1 Ra4 26. Nb4 Qe7 27. f3 Bxb4 28. Rxb4
Rxb4 29. axb4 Ra2+ 30. Kg1 Nd6 31. Bf4 Nc4 32. Rb1 h6 33. Bb8 Qe8 34. c7 Nd6 35.
Qb3 Ra8 36. Rc1 Nc8 37. Rc6 Qe7 38. Kg2 Qg5 39. Rc2 Qe7 40. Ra2 Rxa2+ 41. Qxa2
Qd7 42. Qa4 e5 43. Kf2 Kf8 44. Qa8 Ke7 45. Qb7 Qe6 46. Ba7 Kd7 47. Ke2 d4 48.
Bxb6 Qxb6 49. Qd5+ Nd6 50. Qxe5 Qxb5+ 51. Qxb5+ Nxb5 52. Kd3 Kxc7 53. Kc4 Kd6 0-1

[Event "39th Olympiad Women"]
[Site "Khanty-Mansiysk RUS"]
[Date "2010.09.23"]
[Round "3"]
[White "Brunello, Marina"]
[Black "Madl, Ildiko"]
[Result "1/2-1/2"]
[WhiteTitle "WIM"]
[BlackTitle "IM"]
[WhiteElo "2212"]
[BlackElo "2397"]
[Board "12.2"]
[WhiteTeam "ITA"]
[BlackTeam "HUN"]
[WhiteFideId "822590"]
[BlackFideId "700550"]
[EventDate "2010.09.21"]
[EventType "team"]

1. e4 c5 2. c3 d6 3. d4 Nf6 4. dxc5 Nc6 5. Qc2 dxc5 6. Bf4 e5 7. Bg3 Qc7 8. Nf3
Bg4 9. Nbd2 a6 10. a4 Be7 11. h3 Bh5 12. Bc4 Rd8 13. O-O O-O 14. Rfe1 Rfe8 15.
Nh4 Bf8 16. Nf5 Na5 17. Be2 Bg6 18. Nc4 Nxc4 19. Bxc4 Qc6 20. Bh4 Rd7 21. Bxf6
Qxf6 22. Ne3 Red8 23. Rad1 Rxd1 24. Rxd1 Rxd1+ 25. Nxd1 Qc6 26. f3 b5 27. axb5
axb5 28. Be2 c4 29. b4 Qb6+ 30. Kf1 Bd6 31. Qd2 Bb8 32. Ke1 h5 33. Bf1 Kh7 34.
Ne3 Qa7 35. Nd5 f6 36. g4 hxg4 37. hxg4 Bf7 38. Ne3 g6 39. Be2 Kg7 40. Bf1 Qa1+
41. Nd1 Qa7 42. Ne3 Qa1+ 43. Nd1 Ba7 44. g5 Qa6 45. gxf6+ Qxf6 46. Qe2 Qf4 47.
Bg2 Bb6 48. Qd2 Qg3+ 49. Kf1 Qh2 50. Nf2 Bxf2 51. Kxf2 Qh4+ 52. Kf1 Qe7 53. Bh3
Be6 54. Kg2 Bxh3+ 55. Kxh3 Qe6+ 56. Kh4 Qf6+ 57. Kg3 Qe7 58. Kg2 Kh7 59. Kf1 Kg7
60. Kg2 Kh7 61. Kh3 Qe6+ 62. Kg3 Qe7 63. f4 exf4+ 64. Qxf4 Qd7 65. Qe5 Qd3+ 66.
Kg4 Qd1+ 67. Kh4 Qd8+ 68. Kg4 Qd1+ 69. Kg5 Qd8+ 70. Qf6 Qd2+ 71. Kg4 Qg2+ 72.
Kf4 Qd2+ 73. Kf3 1/2-1/2

[Event "39th Olympiad Women"]
[Site "Khanty-Mansiysk RUS"]
[Date "2010.09.23"]
[Round "3"]
[White "Chierici, Marianna"]
[Black "Rudolf, Anna"]
[Result "0-1"]
[WhiteTitle "WFM"]
[BlackTitle "WGM"]
[WhiteElo "2033"]
[BlackElo "2366"]
[Board "12.4"]
[WhiteTeam "ITA"]
[BlackTeam "HUN"]
[WhiteFideId "820067"]
[BlackFideId "722855"]
[EventDate "2010.09.21"]
[EventType "team"]

1. e4 e6 2. Qe2 e5 3. Nf3 Nc6 4. g3 Bc5 5. Bg2 d6 6. O-O Bg4 7. c3 Qd7 8. b4 Bb6
9. Na3 h5 10. Nc4 h4 11. Nxb6 axb6 12. b5 Na5 13. Rb1 Ne7 14. d3 Qe6 15. Rb2 f6
16. Qe3 g5 17. Nd2 Bh3 18. Bh1 Bxf1 19. Nxf1 d5 20. f3 hxg3 21. Nxg3 O-O-O 22.
Bd2 f5 23. exf5 Nxf5 24. Qf2 Qg6 25. Qe2 Rde8 26. Rb4 d4 27. Qe4 Rhf8 28. Bg2
Kb8 29. Bh3 dxc3 30. Bxc3 Nh4 31. Qxg6 Nxg6 32. Bg4 Nf4 33. d4 Nd5 34. dxe5 Nxc3
35. e6 Rf4 36. Rxf4 gxf4 37. Nh5 Nd5 38. h4 Nc4 39. Ng7 Re7 0-1

[Event "39th Olympiad Women"]
[Site "Khanty-Mansiysk RUS"]
[Date "2010.09.23"]
[Round "3"]
[White "Linares Napoles, Oleiny"]
[Black "Andersson, Christin"]
[Result "1/2-1/2"]
[WhiteTitle "WIM"]
[BlackTitle "WIM"]
[WhiteElo "2328"]
[BlackElo "2113"]
[Board "13.2"]
[WhiteTeam "CUB"]
[BlackTeam "SWE"]
[WhiteFideId "3504794"]
[BlackFideId "1702947"]
[EventDate "2010.09.21"]
[EventType "team"]

1. e4 e5 2. Nf3 d6 3. d4 exd4 4. Nxd4 Nf6 5. Nc3 Be7 6. Be2 O-O 7. O-O Nc6 8.
Bf4 Nxd4 9. Qxd4 Be6 10. Rad1 Nd7 11. Nd5 Bf6 12. Nxf6+ Qxf6 13. Qxf6 Nxf6 14.
e5 dxe5 15. Bxe5 c6 16. Rfe1 Rad8 17. Kf1 Rfe8 18. Bd4 b6 19. c4 Ne4 20. g4 f5
21. h3 fxg4 22. hxg4 c5 23. Be3 Nf6 24. Rxd8 Rxd8 25. f3 Kf7 26. Rc1 h5 27. gxh5
Nxh5 28. Kf2 Nf6 29. Bf4 Rd7 30. Ke3 Re7 31. Kd2 Rd7+ 32. Kc3 b5 33. b3 b4+ 34.
Kb2 Nh5 35. Be3 Bf5 36. Bd1 a5 37. Bc2 g6 38. Bxf5 gxf5 39. Bxc5 Nf4 40. Bb6
Nd3+ 41. Kc2 Nxc1 42. Kxc1 Ke6 43. f4 Kd6 44. Kb2 Re7 45. Bxa5 Kc5 46. Bd8 Re2+
47. Kb1 Kd4 48. Bf6+ Kd3 49. Bg7 Rg2 50. Bf6 Rg6 51. Be5 Rg1+ 52. Kb2 Rg2+ 53.
Kb1 Re2 54. Bg7 Re4 55. Bh6 Re7 56. Bf8 Re1+ 57. Kb2 Re2+ 58. Kb1 Re4 59. Bh6
Re8 60. Bg7 Re7 61. Bf8 Re5 1/2-1/2

[Event "39th Olympiad Women"]
[Site "Khanty-Mansiysk RUS"]
[Date "2010.09.23"]
[Round "3"]
[White "Frisk, Ellinor"]
[Black "Marrero Lopez, Yaniet"]
[Result "0-1"]
[WhiteTitle "WFM"]
[BlackTitle "WGM"]
[WhiteElo "2113"]
[BlackElo "2324"]
[Board "13.3"]
[WhiteTeam "SWE"]
[BlackTeam "CUB"]
[WhiteFideId "1708481"]
[BlackFideId "3503950"]
[EventDate "2010.09.21"]
[EventType "team"]

1. e4 e5 2. Nf3 Nc6 3. d4 exd4 4. Nxd4 Nf6 5. Nxc6 bxc6 6. e5 Qe7 7. Qe2 Nd5 8.
c4 Nb6 9. Nd2 a5 10. b3 a4 11. Bb2 axb3 12. axb3 Rxa1+ 13. Bxa1 Qa3 14. Qd1 Bb4
15. Bd3 Qa5 16. Ke2 d6 17. exd6 O-O 18. Nf3 Re8+ 19. Kf1 Bg4 20. Be2 Qa2 21.
dxc7 Rxe2 22. Qd4 Re1+ 23. Nxe1 Qe2+ 24. Kg1 Qxe1# 0-1

[Event "39th Olympiad Women"]
[Site "Khanty-Mansiysk RUS"]
[Date "2010.09.23"]
[Round "3"]
[White "Efroimski, Marsel"]
[Black "Llaneza Vega, Patricia"]
[Result "0-1"]
[WhiteTitle "WFM"]
[BlackTitle "WIM"]
[WhiteElo "2244"]
[BlackElo "2207"]
[Board "14.4"]
[WhiteTeam "ISR"]
[BlackTeam "ESP"]
[WhiteFideId "2810964"]
[BlackFideId "2212676"]
[EventDate "2010.09.21"]
[EventType "team"]

1. e4 c5 2. Nf3 Nc6 3. d4 cxd4 4. Nxd4 Nf6 5. Nc3 e5 6. Ndb5 d6 7. Bg5 a6 8. Na3
b5 9. Nd5 Be7 10. Bxf6 Bxf6 11. c4 b4 12. Nc2 a5 13. Be2 Bg5 14. Qd3 O-O 15. O-O
Rb8 16. b3 g6 17. Rfd1 Kh8 18. Nde3 Qb6 19. Nd5 Qd8 20. Bf3 Be6 21. Qe2 Qc8 22.
a3 a4 23. Ncxb4 axb3 24. Rab1 Na5 25. g3 Qxc4 26. Qxc4 Nxc4 27. Rxb3 Nd2 28.
Rxd2 Bxd2 29. Rd3 Bxb4 30. Nxb4 Rfc8 31. Rxd6 Bh3 32. Rd1 Rc3 33. Bg2 Bg4 34.
Ra1 Rbc8 35. h3 Rc1+ 36. Rxc1 Rxc1+ 37. Kh2 Be2 38. a4 Ra1 39. Nd5 Bd1 40. Ne3
f6 41. f4 exf4 42. gxf4 Bxa4 43. Kg3 Ra3 44. Kf2 Ra2+ 45. Kg3 Bc6 46. Nd5 f5 47.
Bh1 Rd2 48. Kh4 fxe4 49. Nc3 Rc2 50. Nxe4 Bxe4 51. Bxe4 Rc4 52. Bg2 Rxf4+ 53.
Kg5 Rf2 54. Be4 Kg7 55. h4 h6+ 56. Kg4 Kf6 0-1

[Event "39th Olympiad Women"]
[Site "Khanty-Mansiysk RUS"]
[Date "2010.09.23"]
[Round "3"]
[White "Coimbra, Margarida"]
[Black "Pourkashiyan, Atousa"]
[Result "0-1"]
[WhiteTitle "WFM"]
[BlackTitle "WGM"]
[WhiteElo "2090"]
[BlackElo "2322"]
[Board "15.1"]
[WhiteTeam "POR"]
[BlackTeam "IRI"]
[WhiteFideId "1901192"]
[BlackFideId "12502014"]
[EventDate "2010.09.21"]
[EventType "team"]

1. e4 c5 2. c3 d6 3. d4 Nf6 4. Bd3 g6 5. Nf3 Bg7 6. O-O O-O 7. h3 Qc7 8. Bf4 Nh5
9. Bh2 e5 10. Qd2 Nc6 11. Na3 Rd8 12. Nc2 cxd4 13. cxd4 exd4 14. Bb5 Bd7 15.
Rfe1 Ne5 16. Nfxd4 Bxb5 17. Nxb5 Qb6 18. Nca3 Rac8 19. Rac1 Rxc1 20. Rxc1 Nf6
21. Qe2 h6 22. Bf4 a6 23. Be3 Qa5 24. Bd2 Qa4 25. Nc3 Qe8 26. Nc4 Nxc4 27. Qxc4
b5 28. Qd3 Qe6 29. Re1 Nd7 30. Qd5 Nc5 31. Qxe6 fxe6 32. a3 Nd3 33. Rb1 g5 34.
Kf1 Bd4 35. Nd1 Rf8 36. f3 d5 37. exd5 exd5 38. Be3 Re8 39. Bd2 Kf7 40. Nc3 Ke6
41. Ke2 Nc5 42. b4 Kd6+ 43. Kd1 Nd3 44. Kc2 Ne5 45. Ne2 Bb6 46. Ng3 Nc4 47. Rb3
Ke5 48. Rd3 Rc8 49. Kb1 Nxd2+ 50. Rxd2 Be3 51. Rd1 Bf2 52. Ne2 d4 53. Kb2 Rc4
54. Rd3 h5 55. Rd1 Kf5 56. Rd3 g4 57. hxg4+ hxg4 58. fxg4+ Ke4 59. Rf3 Be3 60.
Ng3+ Kd3 61. g5 Rc2+ 62. Kb3 Rc6 63. Nf5 Rg6 64. Ne7 Rxg5 65. Nc6 Rxg2 66. Rh3
Ke2 67. Nxd4+ Bxd4 68. Rh6 Kd3 69. Rh3+ Be3 70. a4 Rg6 71. Rh5 Bg5 72. Rh3+ Ke4
73. Rg3 Rg7 74. Rc3 Bf4 75. Rc6 Rg3+ 76. Ka2 Rg2+ 77. Kb3 bxa4+ 78. Kxa4 Ra2+
79. Kb3 Ra1 80. Rc4+ Ke5 81. Rc6 Kd5 82. Rg6 Bd6 83. Rg5+ Kc6 84. Rg4 Rf1 85.
Rc4+ Kb5 86. Rd4 Rf3+ 87. Kc2 Bxb4 88. Rd8 a5 89. Rb8+ Ka4 90. Ra8 Rf2+ 91. Kd3
Kb3 0-1